Statistics for FIFA World Cup multiple choice 1

Click here to take the quiz!

General Stats

  • This quiz has been taken 49 times
    (42 since last reset)
  • The average score is 10 of 15

Answer Stats

QuestionAnswer% Correct
Most titles won (team)Brazil
92%
First championUruguay
90%
Three times second, never winnerNetherlands
85%
Host nation 1958Sweden
79%
Most titles won (player)Pele
77%
Only scorer of 2010 finalAndres Iniesta
74%
Only player to score on his teens, his twenties and his thirtiesLionel Messi
72%
Top goal scorer 1986Gary Lineker
69%
Who has NOT played in World cupGeorge Weah
69%
Most finishes in the top twoGermany
67%
Who has played in World cupHristo Stoichkov
67%
Which team played in 1966 quarter-finalsNorth Korea
51%
Most goals scored in one tournamentJust Fontaine
49%
Most matches playedLothar Matthaus
38%
Most matches lostMexico
38%

Score Distribution

Percentile by Number Answered

Percent of People with Each Score

Your Score History

You have not taken this quiz since the last reset